Statistics for Most Common Jobs in Each State

Click here to take the quiz!

General Stats

  • This quiz has been taken 5 times
  • The average score is 17 of 50

Answer Stats

HintAnswer% Correct
KansasFast Food and Counter Workers
80%
West VirginiaFast Food and Counter Workers
80%
ArkansasFast Food and Counter Workers
80%
TexasFast Food and Counter Workers
80%
OregonFast Food and Counter Workers
80%
OhioFast Food and Counter Workers
80%
AlabamaRetail Salespersons
40%
South CarolinaRetail Salespersons
40%
OklahomaRetail Salespersons
40%
North CarolinaRetail Salespersons
40%
NevadaRetail Salespersons
40%
AlaskaRetail Salespersons
40%
MichiganRetail Salespersons
40%
MaineRetail Salespersons
40%
MontanaRetail Salespersons
40%
WyomingRetail Salespersons
40%
IdahoRetail Salespersons
40%
ColoradoRetail Salespersons
40%
FloridaRetail Salespersons
40%
HawaiiRetail Salespersons
40%
GeorgiaRetail Salespersons
40%
IowaCashiers
20%
ConnecticutCashiers
20%
VirginiaCashiers
20%
VermontCashiers
20%
LouisianaCashiers
20%
Rhode IslandCashiers
20%
DelawareCashiers
20%
New HampshireCashiers
20%
MississippiCashiers
20%
MarylandCashiers
20%
ArizonaCustomer Service Representatives
20%
UtahCustomer Service Representatives
20%
NebraskaHeavy and Tractor-Trailer Truck Drivers
20%
WisconsinHome Health and Personal Care Aides
20%
MissouriHome Health and Personal Care Aides
20%
CaliforniaHome Health and Personal Care Aides
20%
MassachusettsHome Health and Personal Care Aides
20%
PennsylvaniaHome Health and Personal Care Aides
20%
MinnesotaHome Health and Personal Care Aides
20%
New YorkHome Health and Personal Care Aides
20%
New MexicoHome Health and Personal Care Aides
20%
New JerseyLaborers and Freight, Stock, and Material Movers, Hand
20%
TennesseeLaborers and Freight, Stock, and Material Movers, Hand
20%
IndianaLaborers and Freight, Stock, and Material Movers, Hand
20%
KentuckyLaborers and Freight, Stock, and Material Movers, Hand
20%
IllinoisLaborers and Freight, Stock, and Material Movers, Hand
20%
North DakotaOffice Clerks, General
20%
South DakotaRegistered Nurses
20%
WashingtonSoftware Developers and Software Quality Assurance Analysts and Testers
20%

Score Distribution

Percentile by Number Answered

Percent of People with Each Score

Your Score History

You have not taken this quiz